=LDR 00000nam 2200000 4500 =001 INLIS000000000014328 =005 20130612105615 =008 ***********************************Ind** =035 ##$$0010-061300000014328 =041 ##$$a Ind =082 ##$$a 621.4 =090 ##$$a 621.4, Die t =100 ##$$a Dietjel, Fritz =245 ##$$a Turbin pompa dan kompresor, Fritz Dietzel ; alih bahasa : Dakso sriyono =260 ##$$a 1980 $b Jakarta =300 ##$$a x, 418 hlm, Il, 24 cm =650 ##$$a Turbin =850 ##$$a NBPNMAT